The Gentle Answer: (Record no. 4382)

MARC details
000 -LEADER
fixed length control field 00522nam a22001817a 4500
003 - CONTROL NUMBER IDENTIFIER
control field GBCCL
005 - DATE AND TIME OF LATEST TRANSACTION
control field 20241126110517.0
008 - FIXED-LENGTH DATA ELEMENTS--GENERAL INFORMATION
fixed length control field 180119b xxu||||| |||| 00| 0 eng d
020 ## - INTERNATIONAL STANDARD BOOK NUMBER
International Standard Book Number 9780993997211
040 ## - CATALOGING SOURCE
Transcribing agency gbc
082 ## - DEWEY DECIMAL CLASSIFICATION NUMBER
Classification number 261.27
Item number NIC
100 ## - MAIN ENTRY--PERSONAL NAME
Personal name Nickel, Gordon
9 (RLIN) 8227
245 ## - TITLE STATEMENT
Title The Gentle Answer:
Remainder of title to the Muslim Accusation of Biblical Falsification /
Statement of responsibility, etc. Gordon Nickel
260 ## - PUBLICATION, DISTRIBUTION, ETC.
Place of publication, distribution, etc. Bruton Gate,
Name of publisher, distributor, etc. Alberta:
Date of publication, distribution, etc. 2015
300 ## - PHYSICAL DESCRIPTION
Extent 493 p.;
Dimensions 24 cm.
650 ## - SUBJECT ADDED ENTRY--TOPICAL TERM
Topical term or geographic name entry element Christianity and Islam
9 (RLIN) 5939
942 ## - ADDED ENTRY ELEMENTS (KOHA)
Source of classification or shelving scheme Dewey Decimal Classification
Koha item type Books
Koha issues (borrowed), all copies 1
Holdings
Withdrawn status Lost status Source of classification or shelving scheme Damaged status Not for loan Home library Current Library Shelving location Date acquired Total checkouts Full call number Barcode Date last seen Date last checked out Copy number Price effective from Koha item type
    Dewey Decimal Classification     GRACE BIBLE COLLEGE GRACE BIBLE COLLEGE Ministry & Mission 2018-01-19 1 261.27 NIC 014027 2025-05-01 2024-02-24 c.1 2018-01-19 Books
© Grace Bible College Library 2025